Garmonizacija uslovij predprinimatel'skoj dejatel'nosti v Jevropejskich soobščestvach.

Zbližovanie podmienok podnikateľskej činnosti v krajinách Európskeho spoločenstva a jeho právne základy. Doporučenia Komisie európskych spoločenstiev k harmonizácii národného práva. Realizácia stratégie harmonizácie práva vytýčenej v "Bielej knihe" komisie ES. Pomoc pri splývaní spoločností do trasn...

ver descrição completa

Na minha lista:
Detalhes bibliográficos
Formato: Capítulo de Livro
Idioma:russo
Assuntos:
Tags: Adicionar Tag
Sem tags, seja o primeiro a adicionar uma tag!

MARC

LEADER 00000naa a2200000 4500
001 r004767
005 20221208123155.3
041 0 |a rus 
044 |a [SU] 
245 1 0 |a Garmonizacija uslovij predprinimatel'skoj dejatel'nosti v Jevropejskich soobščestvach. 
520 |a Zbližovanie podmienok podnikateľskej činnosti v krajinách Európskeho spoločenstva a jeho právne základy. Doporučenia Komisie európskych spoločenstiev k harmonizácii národného práva. Realizácia stratégie harmonizácie práva vytýčenej v "Bielej knihe" komisie ES. Pomoc pri splývaní spoločností do trasnacionálnych firiem. 
610 2 0 |a podnikanie 
610 2 0 |a Európske spoločenstvá 
610 2 0 |a predpisy právne